西武バス大宮営業所 全バス停 - Statistics

General Stats
  • This quiz has been taken 7 times
    6 since last reset
  • The average score is 46 of 146
Answer Stats
ヒント Answer % Correct
大22,23 大宮駅西口
100%
ソニックシティ前
80%
三橋一丁目
80%
三橋五丁目
80%
三橋六丁目
80%
西遊馬
80%
佐知川原
80%
大30 新国道
80%
水判土
80%
佐知川
80%
大宮駅東口
80%
北浦10,11,15 北浦和駅
80%
所沢新道
60%
西武車庫前
60%
川越グリーンパーク
60%
中並木
60%
西上小町
60%
上小町
60%
桜木四丁目
60%
大31 並木公園
60%
大宮国際中等教育学校
60%
三橋四丁目
60%
藤橋(電建住宅入口)
60%
二ツ宮
60%
住宅前
60%
イオンモール与野
60%
円阿弥
60%
新都11 三橋三丁目
60%
北与野駅
60%
北与野駅入口
60%
鈴谷
60%
大久保
60%
埼玉大学
60%
南与野駅西口
60%
さいたま新都心駅西口
60%
切引川
40%
南上小町
40%
上小交番
40%
かみこ公園
40%
慈眼寺
40%
佐知川東
40%
西遊馬消防出張所
40%
指扇駅
40%
慈寶院
40%
加茂川団地
40%
大宮南高校
40%
大35,36,37 足立神社
40%
飯田宿
40%
二ツ宮新道
40%
三条町
40%
大39,39-1,40,41 氷川神社前
40%
白鍬
40%
さいたま市民医療センター入口
40%
加茂川団地入口
40%
さいたま市民医療センター
40%
円阿弥五丁目
40%
小村田
40%
与野霧敷川
40%
八幡通り
40%
鈴谷大かや前
40%
浦和北高校
40%
運動場前
40%
馬宮団地
40%
ららぽーと富士見
40%
三橋総合公園南口
20%
東五味貝戸
20%
五味貝戸
20%
新屋敷
20%
赤羽根
20%
赤羽根西
20%
高木
20%
川越聖地霊園入口
20%
古谷小学校
20%
大25 青葉園
20%
佐知川住宅
20%
三橋三丁目北
20%
市営住宅前
20%
金山神社
20%
馬宮コミュニティセンター
20%
大32,33 三橋二丁目南
20%
側ヶ谷戸
20%
三条町東
20%
観音寺
20%
大宮光陵高校
20%
中野林
20%
東上小町
20%
上小小学校
20%
上落合八丁目
20%
上落合七丁目
20%
上落合九丁目
20%
吉敷一丁目
20%
仲町
20%
浅間神社
20%
三ツ又
20%
八王子
20%
八王子庚申堂
20%
島根橋
20%
日枝神社
20%
彩の国さいたま芸術劇場入口
20%
陣屋
20%
諏訪坂
20%
領家
20%
大久保小学校
20%
大戸小学校
20%
南与野駅北入口
20%
山久保
20%
栄和北町
20%
大泉院通り
20%
中郷
20%
飯田新田
20%
大38 かみこ公園南
20%
道場
20%
富士見高校入口
20%
稲荷前
0%
稲荷坂上
0%
大平公園入口
0%
本郷裏
0%
並木南町
0%
土屋下
0%
土屋
0%
三橋四丁目南
0%
六部堂
0%
東光院前
0%
植田谷
0%
北浦和四丁目
0%
二度栗山
0%
里見通り
0%
里見橋
0%
浦和西警察署入り口
0%
大久保団地東
0%
大久保団地
0%
片町
0%
大久保支所
0%
宿
0%
在家
0%
白鍬口
0%
北浦03,南与01 常盤十丁目
0%
鈴谷小学校
0%
鈴谷札の辻
0%
治水橋堤防
0%
びん沼自然公園入口
0%
南畑界
0%
船渡橋
0%
東大久保
0%
下田
0%
No matching quizzes found
Score Distribution
Percent of People with Each Score
Percentile by Number Answered
Your Score History
You have not taken this quiz since the last reset